000 00363nam a2200133Ia 4500
005 20251222141832.0
008 251222s9999||||xx |||||||||||||| ||spa||
020 _a84-8390-961-8
082 _a985.02/M26
100 _aMartínez Cereceda, José Luis
245 0 _aAutoridades en los Andes, los Atributos del Señor
264 _bFondo Editorial PUCP
942 _cLIB
999 _c7143
_d7143